|
|
|
|
| LEADER |
01930cas a2200241 a 4500 |
| 001 |
AALejournalIMF008594 |
| 008 |
230101c9999 xx r poo 0 0eng d |
| 020 |
|
|
|c 5.00 USD
|
| 020 |
|
|
|z 9781451812695
|
| 022 |
|
|
|a 1934-7685
|
| 040 |
|
|
|a BD-DhAAL
|c BD-DhAAL
|
| 110 |
2 |
|
|a International Monetary Fund.
|
| 245 |
1 |
4 |
|a The Federal Democratic Republic of Ethiopia :
|b Fifth Review Under the Three-Year Arrangement Under the Poverty Reduction and Growth Facility-Staff Report; Press Release on the Executive Board Discussion; and Statement by the Executive Director for The Federal Democratic Republic of Ethiopia.
|
| 264 |
|
1 |
|a Washington, D.C. :
|b International Monetary Fund,
|c 2004.
|
| 300 |
|
|
|a 1 online resource (58 pages)
|
| 490 |
1 |
|
|a IMF Staff Country Reports
|
| 500 |
|
|
|a <strong>Off-Campus Access:</strong> No User ID or Password Required
|
| 500 |
|
|
|a <strong>On-Campus Access:</strong> No User ID or Password Required
|
| 506 |
|
|
|a Electronic access restricted to authorized BRAC University faculty, staff and students
|
| 520 |
3 |
|
|a Ethiopia showed commendable performance under the Poverty Reduction and Growth Facility (PRGF) Arrangement. Executive Directors appreciated this development, and emphasized the need to strengthen fiscal and monetary policies, enhance revenues, strengthen public expenditure management, and introduce poverty-related activities. They welcomed the restructuring plan for the Commercial Bank of Ethiopia, and stressed the need to strengthen the organizational structure and finances of the National Bank of Ethiopia. They agreed that Ethiopia has successfully completed the fifth review under the PRGF program, and approved further financial assistance.
|
| 538 |
|
|
|a Mode of access: Internet
|
| 830 |
|
0 |
|a IMF Staff Country Reports; Country Report ;
|v No. 2004/065
|
| 856 |
4 |
0 |
|z Full text available on IMF
|u http://elibrary.imf.org/view/journals/002/2004/065/002.2004.issue-065-en.xml
|z IMF e-Library
|